Budúcnosť televízie, a jej možnosti, ako prostriedku zábavy, poznávania a vzdelávania detí a mládeže
Televízia, jej možnosti v súčasnosti a najmä budúcnosť tvorby programov dnes, v neobmedzenej ponuke médií. Verejnoprávna televízia ako prostriedok zábavy, poznávania a vzdelávania detí a mládeže. Predchádzajúce obdobia a vytvorenie perspektívy ďalšieho rozvoja tohto významného média.
Gespeichert in:
| 1. Verfasser: | |
|---|---|
| Format: | Buchkapitel |
| Sprache: | Slowakisch |
| Schlagworte: | |
| Tags: |
Keine Tags, Fügen Sie das erste Tag hinzu!
|
MARC
| LEADER | 00000nla a2200000 4500 | ||
|---|---|---|---|
| 001 | 0159500 | ||
| 005 | 20190726070110.6 | ||
| 041 | 0 | |a slo | |
| 044 | |a SK | ||
| 245 | 1 | 0 | |a Budúcnosť televízie, a jej možnosti, ako prostriedku zábavy, poznávania a vzdelávania detí a mládeže |c Zuzana Töröková |
| 520 | |a Televízia, jej možnosti v súčasnosti a najmä budúcnosť tvorby programov dnes, v neobmedzenej ponuke médií. Verejnoprávna televízia ako prostriedok zábavy, poznávania a vzdelávania detí a mládeže. Predchádzajúce obdobia a vytvorenie perspektívy ďalšieho rozvoja tohto významného média. | ||
| 610 | 2 | 0 | |a médiá |
| 610 | 2 | 0 | |a komunikácia masmediálna |
| 610 | 2 | 0 | |a prostriedky masovokomunikačné |
| 610 | 2 | 0 | |a televízia |
| 610 | 2 | 0 | |a rodina |
| 610 | 2 | 0 | |a deti |
| 610 | 2 | 0 | |a mládež |
| 100 | 1 | |a Töröková, Zuzana | |